Descolonizações : (Record no. 6902)

MARC details
000 -LEADER
fixed length control field 01171cam a2200337 i 4500
001 - CONTROL NUMBER
control field 20872802
003 - CONTROL NUMBER IDENTIFIER
control field TZ-ArACH
005 - DATE AND TIME OF LATEST TRANSACTION
control field 20230322090329.0
008 - FIXED-LENGTH DATA ELEMENTS--GENERAL INFORMATION
fixed length control field 190130e201812 po a b 000 0 por
010 ## - LIBRARY OF CONGRESS CONTROL NUMBER
LC control number 2019386084
020 ## - INTERNATIONAL STANDARD BOOK NUMBER
International Standard Book Number 9789724421179
035 ## - SYSTEM CONTROL NUMBER
System control number (PT-LiPL)pu190664002
040 ## - CATALOGING SOURCE
Original cataloging agency DLC
Language of cataloging eng
Transcribing agency TZ-ArACH
Description conventions rda
042 ## - AUTHENTICATION CODE
Authentication code pcc
050 00 - LIBRARY OF CONGRESS CALL NUMBER
Classification number JV185
Item number .D47 2018
100 ## - MAIN ENTRY--PERSONAL NAME
Personal name Sanches, Manuela Ribeiro
245 00 - TITLE STATEMENT
Title Descolonizações :
Remainder of title reler Amílcar Cabral, Césaire e Du Bois no séc. XXI /
Statement of responsibility, etc Manuela Ribeiro Sanches
250 ## - EDITION STATEMENT
Edition statement 1a edição.
300 ## - PHYSICAL DESCRIPTION
Extent 189 pages :
Other physical details illustrations ;
Dimensions 24 cm.
490 0# - SERIES STATEMENT
Series statement Lugar da história ;
Volume number/sequential designation 88
504 ## - BIBLIOGRAPHY, ETC. NOTE
Bibliography, etc Includes bibliographical references (pages 175-189).
600 10 - SUBJECT ADDED ENTRY--PERSONAL NAME
Personal name Césaire, Aimé.
600 10 - SUBJECT ADDED ENTRY--PERSONAL NAME
Personal name Cabral, Amílcar,
Dates associated with a name 1924-1973.
600 10 - SUBJECT ADDED ENTRY--PERSONAL NAME
Personal name Du Bois, W. E. B.
Fuller form of name (William Edward Burghardt),
Dates associated with a name 1868-1963.
650 #0 - SUBJECT ADDED ENTRY--TOPICAL TERM
Topical term or geographic name as entry element Decolonization.
9 (RLIN) 4640
650 #0 - SUBJECT ADDED ENTRY--TOPICAL TERM
Topical term or geographic name as entry element Amílcar Cabral
700 1# - ADDED ENTRY--PERSONAL NAME
Personal name Sanches, Manuela Ribeiro,
Relator term editor.
906 ## - LOCAL DATA ELEMENT F, LDF (RLIN)
a 7
b cbc
c origres
d 2
e ncip
f 20
g y-gencatlg
942 ## - ADDED ENTRY ELEMENTS (KOHA)
Source of classification or shelving scheme Library of Congress Classification
Koha item type Books
Holdings
Home library Current library Date acquired Full call number Barcode Koha item type
African Court on Human and Peoples' Rights Library African Court on Human and Peoples' Rights Library 22/03/2023 JV185 .D47 2018 10191380 Books

African Court on Human and Peoples' Rights | For Inquiries Contact » +255 272 510 510